| 000 | 01033nam a2200205Ia 4500 | ||
|---|---|---|---|
| 003 | Ost | ||
| 005 | 20260507075804.0 | ||
| 008 | 260507s9999||||xx |||||||||||||| ||und|| | ||
| 040 | _cfsecg | ||
| 041 | _aara | ||
| 082 | _a346.066 | ||
| 100 |
_aالحكيم، جاك يوسف _eمؤلف |
||
| 245 | 0 |
_aالشركات التجارية / _c جاك يوسف الحكيم |
|
| 260 |
_aدمشق: _bمنشورات جامعة دمشق, _c2000 |
||
| 300 |
_a623 صفحة؛ _bإيضاحات ؛ _c24 سم |
||
| 520 | _aالشركات التجارية عموميات، أهداف ومفهوم الشركة، القواعد العامة للشركات، أركان الشركة ، الشخصية الاعتبارية، إنحلال الشركة، شركات الأشخاص، شركة التضامن، شركة المحاصة، شركات الأموال، شركة التوصية المساهمة، الشركة محدودية المسؤولية. | ||
| 653 | _aالشركات | ||
| 653 | _aالقانون التجاري | ||
| 942 | _cكتاب | ||
| 999 |
_c46355 _d46355 |
||